000 00644nam a22002417a 4500
003 UA-OsUOA
001 100993
007 ta
008 20130604b un ||||| |||| 00| 0 ukr d
100 _aЧобану Й.
090 _a821.135.2
_bЧ-75
942 _cBK
040 _aUA-OsUOA
_bukr
_cUA-OsUOA
_dUA-OsUOA
245 _aСага о Кукоаре
_bтрилогия
300 _a607 с.
955 _a3
041 _aukr
080 _a821.135.2
260 _aМ.
_bСоветский писатель
_c1987
246 3 1 _aКн. 1
_n
650 7 _a82 Література. Літературознавство
_2UDC
999 _c387239
_d387239